[Event "BEM-ch U14"]
[Site "Vaihingen/Enz"]
[Date "2003.02.01"]
[Round "6"]
[White "Klaski, Jens"]
[Black "Reichert, Jana"]
[Result "1-0"]
[WhiteElo "1323"]
[BlackElo "953"]
[PlyCount "53"]
[EventDate "2003.01.??"]
[EventType "swiss"]
[EventRounds "7"]
[EventCountry "GER"]
[SourceTitle "EXT 2005"]
[Source "ChessBase"]
[SourceDate "2004.11.15"]
[SourceVersion "1"]
[SourceVersionDate "2004.11.15"]
[SourceQuality "1"]

1. e4 e5 2. Nf3 Nf6 3. Nxe5 Nxe4 4. Qe2 d5 5. d3 Nf6 6. Nc6+ Qe7 7. Nxe7 Bxe7 8. Bg5 Bg4 9. f3 Be6 10. Nc3 c6 11. 0-0-0 h6 12. Bxf6 Bxf6 13. f4 g6 14. g4 h5 15. f5 gxf5 16. gxf5 Bg5+ 17. Kb1 d4 18. Ne4 Bxf5 19. Nxg5+ Kf8 20. Qe5 Bg4 21. Qxh8+ Ke7 22. Re1+ Kd7 23. Qe8+ Kc7 24. Re7+ Kb6 25. Qd8+ Ka6 26. c4 Nd7 27. Qxa8 1-0

[Event "BEM-ch U14"]
[Site "Vaihingen/Enz"]
[Date "2003.02.01"]
[Round "7"]
[White "Mayer, Andreas"]
[Black "Klaski, Jens"]
[Result "1-0"]
[WhiteElo "1344"]
[BlackElo "1323"]
[PlyCount "89"]
[EventDate "2003.01.??"]
[EventType "swiss"]
[EventRounds "7"]
[EventCountry "GER"]
[SourceTitle "EXT 2005"]
[Source "ChessBase"]
[SourceDate "2004.11.15"]
[SourceVersion "1"]
[SourceVersionDate "2004.11.15"]
[SourceQuality "1"]

1. e4 e5 2. Nf3 Nc6 3. Bb5 Nf6 4. Bxc6 dxc6 5. d3 Bd6 6. Qe2 Bg4 7. Bg5 0-0 8. h3 Bh5 9. g4 Bg6 10. h4 h6 11. Bxf6 Qxf6 12. g5 Qf4 13. Qe3 Qxe3+ 14. fxe3 h5 15. Nbd2 b6 16. 0-0-0 a5 17. Nc4 b5 18. Ncxe5 f6 19. Nxg6 Rfe8 20. gxf6 gxf6 21. Rhg1 Kh7 22. Nf4 Kh8 23. Rg6 Kh7 24. Rxf6 Rf8 25. Ng5+ Kg7 26. Rg6+ Kh8 27. Nfe6 Rf2 28. Rh6+ Kg8 29. Rxh5 Rh2 30. Nf3 Rh3 31. Rg1+ Kf7 32. Nfg5+ Ke7 33. Nxh3 Kxe6 34. Rg6+ Kf7 35. Rhg5 Rg8 36. Rxg8 Be7 37. R5g7+ Kf6 38. Kd2 Ke6 39. Re8 Kf6 40. Rexe7 c5 41. h5 a4 42. h6 c4 43. h7 cxd3 44. h8Q dxc2 45. Qh6# 1-0

[Event "BEM-ch U14"]
[Site "Vaihingen/Enz"]
[Date "2003.01.25"]
[Round "4"]
[White "Schwarz, Felix"]
[Black "Klaski, Jens"]
[Result "0-1"]
[WhiteElo "1162"]
[BlackElo "1323"]
[PlyCount "90"]
[EventDate "2003.01.??"]
[EventType "swiss"]
[EventRounds "7"]
[EventCountry "GER"]
[SourceTitle "EXT 2005"]
[Source "ChessBase"]
[SourceDate "2004.11.15"]
[SourceVersion "1"]
[SourceVersionDate "2004.11.15"]
[SourceQuality "1"]

1. e4 e5 2. Nf3 Nc6 3. Bc4 Bc5 4. 0-0 d6 5. c3 Bg4 6. d3 Nf6 7. Be3 Bxe3 8. fxe3 0-0 9. Nbd2 Na5 10. d4 exd4 11. exd4 Nxc4 12. Nxc4 Nxe4 13. Qd3 Ng5 14. Nxg5 Qxg5 15. Qg3 Qg6 16. Rae1 Rae8 17. Rxe8 Rxe8 18. Ne3 Be2 19. Re1 Qxg3 20. hxg3 Rxe3 21. Kf2 Re6 22. Rxe2 Rxe2+ 23. Kxe2 f5 24. Kf3 Kf7 25. g4 fxg4+ 26. Kxg4 Kf6 27. Kf4 d5 28. b3 c6 29. c4 a6 30. b4 dxc4 31. Ke3 b5 32. Kd2 h5 33. Kc3 g5 34. a4 g4 35. a5 Kf5 36. Kd2 Ke4 37. Ke2 h4 38. Kf2 Kxd4 39. g3 h3 40. Kg1 c3 41. Kf2 c2 42. Ke2 c1Q 43. Kf2 Qe3+ 44. Kf1 Qd2 45. Kg1 Qg2# 0-1

[Event "BEM-ch U14"]
[Site "Vaihingen/Enz"]
[Date "2003.01.18"]
[Round "1"]
[White "Holschke, Melanie"]
[Black "Klaski, Jens"]
[Result "0-1"]
[WhiteElo "1008"]
[BlackElo "1323"]
[PlyCount "90"]
[EventDate "2003.01.??"]
[EventType "swiss"]
[EventRounds "7"]
[EventCountry "GER"]
[SourceTitle "EXT 2005"]
[Source "ChessBase"]
[SourceDate "2004.11.15"]
[SourceVersion "1"]
[SourceVersionDate "2004.11.15"]
[SourceQuality "1"]

1. e4 e5 2. Nf3 Nc6 3. Bb5 Nf6 4. d3 Bc5 5. Bxc6 dxc6 6. Nxe5 Qd4 7. Be3 Qxe5 8. Bxc5 Qxc5 9. 0-0 Bg4 10. Qd2 0-0 11. h3 Bh5 12. Nc3 Rad8 13. Rae1 Qb4 14. e5 Nd5 15. Rb1 Nxc3 16. bxc3 Qc5 17. Rfe1 b6 18. Qg5 Bg6 19. d4 Qxc3 20. Qc1 Qxd4 21. c3 Qc5 22. Rb4 a5 23. Rf4 Rde8 24. e6 Rxe6 25. Rxe6 fxe6 26. Rxf8+ Kxf8 27. Qf4+ Kg8 28. Qxc7 h6 29. Qc8+ Kh7 30. Qxe6 Qxc3 31. Qd7 Qe1+ 32. Kh2 Qxf2 33. Qxc6 Bh5 34. Qe4+ Bg6 35. Qc6 Qxa2 36. Qxb6 a4 37. Kg3 Qb3+ 38. Kf2 Qxb6+ 39. Kf3 Qd4 40. Ke2 Qd3+ 41. Kf2 a3 42. g4 a2 43. h4 a1R 44. h5 Ra2+ 45. Ke1 Qb1# 0-1

[Event "Wuerttemberg-ch U12"]
[Site "Ludwigsburg"]
[Date "2002.04.03"]
[Round "2"]
[White "Klaski, Jens"]
[Black "Scheerer, Kim"]
[Result "1/2-1/2"]
[WhiteElo "1041"]
[BlackElo "1163"]
[PlyCount "140"]
[EventDate "2002.04.??"]
[EventType "swiss"]
[EventRounds "6"]
[EventCountry "GER"]
[SourceTitle "EXT 2003"]
[Source "ChessBase"]
[SourceDate "2002.11.25"]
[SourceVersion "1"]
[SourceVersionDate "2002.11.25"]
[SourceQuality "1"]

1. e4 e5 2. Nf3 Nf6 3. Nxe5 Qe7 4. Nf3 Nxe4 5. Be2 Nc6 6. Nc3 Nxc3 7. dxc3 d6 8. 0-0 Bg4 9. Bg5 Qd7 10. Nd4 Be6 11. Nxe6 fxe6 12. Bh5+ g6 13. Bg4 Be7 14. Bxe7 Nxe7 15. Re1 Nf5 16. Qf3 0-0-0 17. Bxf5 exf5 18. Qe3 Rhe8 19. Qxa7 c6 20. Rxe8 Rxe8 21. Qa8+ Kc7 22. Qa5+ Kb8 23. c4 Qe6 24. Qc3 h5 25. Kf1 Qe2+ 26. Kg1 g5 27. g3 Qg4 28. Qd3 Kc7 29. f3 Qh3 30. Qf1 Qxf1+ 31. Kxf1 b6 32. Re1 Rxe1+ 33. Kxe1 Kd7 34. Kd2 Ke6 35. Ke3 c5 36. b3 Kf6 37. h3 Kg6 38. h4 gxh4 39. gxh4 Kf6 40. f4 Ke6 41. c3 d5 42. cxd5+ Kxd5 43. c4+ Kd6 44. a3 Kc6 45. Kd3 Kd6 46. b4 Kc6 47. Kc3 Kb7 48. bxc5 bxc5 49. Kb3 Kb6 50. Ka4 Ka6 51. Kb3 Kb6 52. a4 Ka5 53. Ka3 Kb6 54. Kb3 Ka5 55. Ka3 Kb6 56. Kb2 Ka5 57. Kb3 Kb6 58. Ka2 Ka5 59. Ka3 Kb6 60. Kb2 Ka5 61. Kb3 Kb6 62. Ka2 Ka5 63. Ka3 Kb6 64. Kb2 Ka5 65. Kb3 Kb6 66. Ka2 Ka5 67. Ka3 Kb6 68. Kb2 Ka5 69. Kb3 Kb6 70. Ka2 Ka5 1/2-1/2